| Tag |
First Indicator |
Second Indicator |
Subfields |
| LEADER |
00000pam a2200000 a 4500 |
| 001 |
in00000095937 |
| 005 |
20150923173811.0 |
| 008 |
820302s1982 nyu b 00110 eng |
| 010 |
|
|
|a 82002793
|
| 020 |
|
|
|a 080442621X :
|c $10.95
|
| 020 |
|
|
|a 0804465029 (pbk.) :
|c $5.95
|
| 035 |
|
|
|a (OCoLC)08283136
|
| 035 |
|
|
|9 AAK8323AM
|
| 039 |
0 |
|
|a 2
|b 3
|c 3
|d 3
|e 3
|
| 040 |
|
|
|a DLC
|c DLC
|d TXA
|d UtOrBLW
|
| 049 |
|
|
|a TXAM
|c [1673683]
|
| 050 |
0 |
0 |
|a PS3559 R8
|b Z78 1982
|
| 082 |
0 |
|
|a 813/.54
|a B
|2 19
|
| 100 |
1 |
|
|a Miller, Gabriel,
|d 1948-
|
| 245 |
1 |
0 |
|a John Irving /
|c Gabriel Miller.
|
| 264 |
|
1 |
|a New York :
|b F. Unger,
|c [1982]
|
| 264 |
|
4 |
|c ©1982
|
| 300 |
|
|
|a x, 226 pages ;
|c 21 cm.
|
| 336 |
|
|
|a text
|b txt
|2 rdacontent
|
| 337 |
|
|
|a unmediated
|b n
|2 rdamedia
|
| 338 |
|
|
|a volume
|b nc
|2 rdacarrier
|
| 490 |
1 |
|
|a Modern literature series
|
| 500 |
|
|
|a Includes index.
|
| 504 |
|
|
|a Bibliography: pages 217-219.
|
| 600 |
1 |
0 |
|a Irving, John,
|d 1942-
|
| 650 |
|
0 |
|a Novelists, American
|y 20th century
|v Biography.
|
| 830 |
|
0 |
|a Modern literature series.
|
| 999 |
|
|
|a MARS
|
| 999 |
f |
f |
|s 01f8d3e6-16d8-3079-8e24-57b208d97560
|i 565a06ef-4756-3466-bcbd-9f40c8cc16d3
|t 0
|
| 952 |
f |
f |
|p ric
|a Texas A&M University
|b Rellis Campus
|c Joint Library Facility
|d Remote Storage
|t 0
|e PS3559 R8 Z78 1982
|h Library of Congress classification
|i unmediated -- volume
|m A14806049130
|
| 998 |
f |
f |
|a PS3559 R8 Z78 1982
|t 0
|l Remote Storage
|